000 00533nam a2200205Ia 4500
008 230125s9999 xx 000 0 und d
020 _a9780761959069
041 _aeng
082 _a658
_bCAS
100 _aCasey C
_9117354
245 _aCritical Analysis Of Organizations: Theory, Practice, Revitalization
260 _c2002
_bSage publication
_aDelhi
300 _a218p
440 _v1
500 _aGeneral Management;
650 _aManagement
700 _aCasey C
_9117354
906 _b29
999 _c95129
_d95129